Antiterrorism and threat response : (Record no. 15102)
[ view plain ]
| 000 -LEADER | |
|---|---|
| fixed length control field | 02832nam a2200241 a 4500 |
| 001 - CONTROL NUMBER | |
| control field | ASIN1466512903 |
| 005 - DATE AND TIME OF LATEST TRANSACTION | |
| control field | 20170105102911.0 |
| 008 - FIXED-LENGTH DATA ELEMENTS--GENERAL INFORMATION | |
| fixed length control field | 131029s2013 xxu eng d |
| 020 ## - INTERNATIONAL STANDARD BOOK NUMBER | |
| International Standard Book Number | 1466512903 (hardcover) |
| Terms of availability | $79.95 |
| 020 ## - INTERNATIONAL STANDARD BOOK NUMBER | |
| International Standard Book Number | 9781466512900 (hardcover) |
| 040 ## - CATALOGING SOURCE | |
| Original cataloging agency | 0 |
| 050 04 - LIBRARY OF CONGRESS CALL NUMBER | |
| Classification number | HV6431 |
| 082 04 - DEWEY DECIMAL CLASSIFICATION NUMBER | |
| Classification number | 363.32517 |
| 100 1# - MAIN ENTRY--PERSONAL NAME | |
| Personal name | Johnson, Ross. |
| 245 10 - TITLE STATEMENT | |
| Title | Antiterrorism and threat response : |
| Remainder of title | planning and implementation / |
| Statement of responsibility, etc. | Ross Johnson. |
| 260 ## - PUBLICATION, DISTRIBUTION, ETC. | |
| Place of publication, distribution, etc. | [S.l.] : |
| Name of publisher, distributor, etc. | CRC Press, |
| Date of publication, distribution, etc. | 2013. |
| 300 ## - PHYSICAL DESCRIPTION | |
| Extent | 296 p. ; |
| Dimensions | 25 cm. |
| 520 ## - SUMMARY, ETC. | |
| Summary, etc. | One of the single greatest challenges to security professionals in the 21 st century is terrorism. In the last several years, we have heard a lot about the importance of preparing for terrorist attacks. This book offers a way to prevent terrorist attacks. Providing security managers with a clear and simple methodology to protect their organizations, Antiterrorism and Threat Response uses an adaptation of the U.S. Department of Defense’s antiterrorism fundamentals and applies it to the private sector to protect companies, facilities, and infrastructures. The book’s antiterrorism planning strategies enable security professionals to seize the initiative away from terrorists—setting them off balance and keeping them off balance—thereby disrupting their planning cycle and thwarting attack. The book helps security managers to: Understand the terrorist attack planning cycle Conduct a terrorism threat vulnerability assessment Develop an observation plan and the corresponding verification plan Understand how surveillance detection works Learn how pattern analysis wheels can be used to find weaknesses in security operations Appreciate the role of random antiterrorism measures and learn how to develop them Establish response plans for a wide variety of contingencies related to terrorist attack Adapt this methodology to maritime operations against piracy, individual protection, and travel security in high-risk environments Work with other security departments, the police, and the public to create infrastructure protection zones that will enhance the detection of suspicious events and reduce the likelihood of terrorist attack The book aims to show that terrorists are not defeated by technology alone, but instead by collaboration and the timely passage of relevant information and intelligence. Terrorism is, above all, an act of communication. The terrorists communicate to us through their acts and their carefully crafted communiqués. Security professionals need to send the terrorists a clear and simple message in the language they understand: You will not succeed here . |
| 650 #0 - SUBJECT ADDED ENTRY--TOPICAL TERM | |
| Topical term or geographic name entry element | Internal security |
| 650 #0 - SUBJECT ADDED ENTRY--TOPICAL TERM | |
| Topical term or geographic name entry element | Terrorism--Prevention |
| 856 40 - ELECTRONIC LOCATION AND ACCESS | |
| Materials specified | Amazon.com |
| Uniform Resource Identifier | <a href="http://www.amazon.com/exec/obidos/ASIN/1466512903/chopaconline-20">http://www.amazon.com/exec/obidos/ASIN/1466512903/chopaconline-20</a> |
| 942 ## - ADDED ENTRY ELEMENTS (KOHA) | |
| Source of classification or shelving scheme | |
| Koha item type | Book |
| Withdrawn status | Lost status | Damaged status | Not for loan | Collection code | Permanent Location | Current Location | Shelving location | Date acquired | Total Checkouts | Full call number | Barcode | Date last seen | Price effective from | Koha item type |
|---|---|---|---|---|---|---|---|---|---|---|---|---|---|---|
| Centre for International Peace & Stability (CIPS) | Centre for International Peace & Stability (CIPS) | General Stacks | 10/01/2013 | 363.32517 JOH 2013 | CIPS0001159 | 10/29/2013 | 10/29/2013 | Book |
